Jason Shi

The Dyatlov Passement incident


Categories

Fine Arts - Painting and Sculpture020020112112.5000
Mythology020020107119.0001
Literature - European Literature010010142142.0000
Other Culture0100108989.0000
Religion010110160160.0000
Modern World010010111111.0000
History - World History010110142142.0001

Buzzes

Other Culturekitchen knives1089
Mythologyimperial examinations10107
Modern WorldSecurities and Exchange Commission10111
Fine Arts - Painting and SculptureGeorgia O’Keeffe10112
Fine Arts - Painting and Sculpturetrompe l’oeil10113
MythologyMemnon10131
History - World Historybananas10142
Literature - European Literaturefall of Troy10142
Mythologybuilding Solomon’s Temple0149
Religionhearts10160